Dick Fight Island 1 (Titelsatznr. 1457)

[ MARC ]
MARC-Details
000 -LEADER
fixed length control field 02762nam a2200565 c 4500
001 - CONTROL NUMBER
control field 1947584413
003 - CONTROL NUMBER IDENTIFIER
control field DE-627
005 - DATE AND TIME OF LATEST TRANSACTION
control field 20260108144214.0
007 - PHYSICAL DESCRIPTION FIXED FIELD--GENERAL INFORMATION
fixed length control field cr uuu---uuuuu
008 - FIXED-LENGTH DATA ELEMENTS--GENERAL INFORMATION
fixed length control field 251226s2023 gw |||||o 00| ||ger c
020 ## - INTERNATIONAL STANDARD BOOK NUMBER
International Standard Book Number 9783646728392
Terms of availability EPUB
024 7# - OTHER STANDARD IDENTIFIER
Standard number or code urn:nbn:de:gbv:18-epflicht-305095
Source of number or code urn
035 ## - SYSTEM CONTROL NUMBER
System control number (DE-627)1947584413
035 ## - SYSTEM CONTROL NUMBER
System control number (DE-599)KEP122319443
035 ## - SYSTEM CONTROL NUMBER
System control number (EPFHH-CARLSEN)9783646728392_9783646728392
035 ## - SYSTEM CONTROL NUMBER
System control number (EPFHH)d0091c46-02b2-4d86-936d-1a490622aa07
035 ## - SYSTEM CONTROL NUMBER
System control number (DE-627-1)122319443
040 ## - CATALOGING SOURCE
Original cataloging agency DE-627
Language of cataloging ger
Transcribing agency DE-627
Description conventions rda
041 ## - LANGUAGE CODE
Language code of text/sound track or separate title ger
Language code of original jpn
044 ## - COUNTRY OF PUBLISHING/PRODUCING ENTITY CODE
ISO country code XA-DE-HH
072 #7 - SUBJECT CATEGORY CODE
Subject category code 9182
Source wsb
082 04 - DEWEY DECIMAL CLASSIFICATION NUMBER
Classification number 741.5
Assigning agency DE-576
245 00 - TITLE STATEMENT
Title Dick Fight Island 1
Remainder of title Hocherotischer Fantasy-Yaoi-Zweiteiler ab 18!
Statement of responsibility, etc. Reibun Ike, Dorothea Überall
250 ## - EDITION STATEMENT
Edition statement 1. Auflage
264 #1 - PRODUCTION, PUBLICATION, DISTRIBUTION, MANUFACTURE, AND COPYRIGHT NOTICE
Place of production, publication, distribution, manufacture Hamburg
Name of producer, publisher, distributor, manufacturer Hayabusa
Date of production, publication, distribution, manufacture, or copyright notice 2023
300 ## - PHYSICAL DESCRIPTION
Extent 1 Online-Ressource (210 S.)
Other physical details Illustrationen
336 ## - CONTENT TYPE
Content type term Text
Content type code txt
Source rdacontent
337 ## - MEDIA TYPE
Media type term Computermedien
Media type code c
Source rdamedia
338 ## - CARRIER TYPE
Carrier type term Online-Ressource
Carrier type code cr
Source rdacarrier
490 0# - SERIES STATEMENT
Series statement Dick Fight Island
Volume/sequential designation 1
520 ## - SUMMARY, ETC.
Summary, etc. Ein opulentes Fantasy-Setting und eine absurd komische wie kreative Prämisse sind die Alleinstellungsmerkmale dieser außergewöhnlichen zweibändigen Boys-Love-Serie. Alle vier Jahre kämpfen acht Inselstaaten um die Krone und damit um die Herrschaft über das gesamte Inselreich. Dafür entsendet jeder Clan seinen mächtigsten Krieger, um den erbitterten Wettkampf für sich zu entscheiden. Die Regeln des außergewöhnlichen Ausdauerwettkampfes sind denkbar einfach – wer zuerst kommt, hat verloren! Um ein frühes Ausscheiden zu vermeiden, schützen die Krieger ihre "Schwerter" mit mächtigen Rüstungen, die im Laufe der Zeit immer aufwendiger und größer wurden. Doch ein Krieger ist mit einer geheimen und sehr effizienten Technik aus dem Ausland zurückgekehrt… - Spice-Level: 4 von 5 Chilis. Ein pikanter +18-Titel mit vielen heißen Szenen.  - Abgeschlossen in 2 Bänden
583 1# - ACTION NOTE
Action Archivierung/Langzeitarchivierung gewährleistet
Authorization PEHH
Action agent DE-576
Source of term pdager
Institution to which field applies DE-18
650 #4 - SUBJECT ADDED ENTRY--TOPICAL TERM
Topical term or geographic name entry element yaoi manga
650 #4 - SUBJECT ADDED ENTRY--TOPICAL TERM
Topical term or geographic name entry element bl manga
650 #4 - SUBJECT ADDED ENTRY--TOPICAL TERM
Topical term or geographic name entry element boys love manga
650 #4 - SUBJECT ADDED ENTRY--TOPICAL TERM
Topical term or geographic name entry element manga fantasy
650 #4 - SUBJECT ADDED ENTRY--TOPICAL TERM
Topical term or geographic name entry element manga ab 18
650 #4 - SUBJECT ADDED ENTRY--TOPICAL TERM
Topical term or geographic name entry element yaoi manga 18
650 #4 - SUBJECT ADDED ENTRY--TOPICAL TERM
Topical term or geographic name entry element manga für erwachsene
650 #4 - SUBJECT ADDED ENTRY--TOPICAL TERM
Topical term or geographic name entry element erotik manga
650 #4 - SUBJECT ADDED ENTRY--TOPICAL TERM
Topical term or geographic name entry element actionkomödie
650 #4 - SUBJECT ADDED ENTRY--TOPICAL TERM
Topical term or geographic name entry element japanische leserichtung
951 ## - EQUIVALENCE OR CROSS-REFERENCE--GEOGRAPHIC NAME/AREA NAME [OBSOLETE] [CAN/MARC only]
Geographic name BO
700 1# - ADDED ENTRY--PERSONAL NAME
Personal name Ike, Reibun
Relator term VerfasserIn
Relationship aut
700 1# - ADDED ENTRY--PERSONAL NAME
Personal name Überall, Dorothea
Relator term ÜbersetzerIn
Relationship trl
776 1# - ADDITIONAL PHYSICAL FORM ENTRY
International Standard Book Number 9783551623287
776 08 - ADDITIONAL PHYSICAL FORM ENTRY
Relationship information Erscheint auch als
Note Druck-Ausgabe
International Standard Book Number 9783551623287
856 40 - ELECTRONIC LOCATION AND ACCESS
Uniform Resource Identifier <a href="https://nbn-resolving.org/urn:nbn:de:gbv:18-epflicht-305095">https://nbn-resolving.org/urn:nbn:de:gbv:18-epflicht-305095</a>
Contact for access assistance X:EPF
Public note lizenzpflichtig
Access status 1
942 ## - ADDED ENTRY ELEMENTS (KOHA)
Source of classification or shelving scheme Dewey Decimal Classification
Koha item type Manga
Suppress in OPAC No
Exemplare
Withdrawn status Lost status Source of classification or shelving scheme Damaged status Not for loan Home library Current library Shelving location Date acquired Total checkouts Barcode Date last seen Price effective from Koha item type
    Dewey Decimal Classification     Bunte Manga Potsdam Bunte Manga Potsdam Romance - Boy's Love 01/08/2026   1438 01/08/2026 01/08/2026 Manga

Powered by Koha